000 00675nam a2200229Ii 4500
003 JO-AjNU
005 20240610122116.0
008 230605s9999||||xx |||||||||||||| ||und||
040 _aJO-AjNU
_bara
_erda
_cJO-AjNU
041 _aara
050 1 4 _aPJ7542.C44.N37 1999
100 3 _aناصيف،إميل,
_eauthor
_96987
245 0 0 _aأروع ما قيل في الأطفال والأولاد
250 _aط1
264 3 1 _aبيروت: دار الجيل، 1999
300 _a152ص
336 _atext
_btxt
_2rdacontent
337 _aunmediated
_bn
_2rdamedia
338 _avolume
_bnc
_2rdacarrier
650 4 _aالشعر العربي - أطفال
_96988
942 _2lcc
_cBK
999 _c3619
_d3619